Nezamestnanosť v novej ekonomike (v kontexte inovácií a ekonomického rastu) dizertačná práca

Gespeichert in:
Bibliographische Detailangaben
1. Verfasser: Ivanová, Pavlína
Körperschaft: Národohospodárska fakulta EU. Katedra ekonómie
Weitere Verfasser: Martincová, Marta, 1955-
Format: Buch
Sprache:Slowakisch
Veröffentlicht: Bratislava 2008
Schlagworte:
Tags: Tag hinzufügen
Keine Tags, Fügen Sie das erste Tag hinzu!

MARC

LEADER 00000nam$a2200000$$$4500
001 0093875
005 20240502072039.6
041 0 |a slo 
044 |a SK 
245 1 0 |a Nezamestnanosť v novej ekonomike (v kontexte inovácií a ekonomického rastu)  |b dizertačná práca  |c Pavlína Ivanová ; škol. Marta Martincová 
264 1 |a Bratislava  |c 2008 
300 |a 170 s. 
610 2 0 |a nezamestnanosť 
610 2 0 |a rast hospodársky 
610 2 0 |a ekonomika nová 
610 2 0 |a globalizácia hospodárstva 
610 2 0 |a Slovensko 
610 2 0 |a Česko 
610 2 0 |a Čína 
610 2 0 |a Nemecko 
610 2 0 |a USA 
100 1 |a Ivanová, Pavlína 
700 1 |a Martincová, Marta, 1955- 
710 2 |a Národohospodárska fakulta EU. Katedra ekonómie